地方交通線だけの乗換駅 - Statistics

General Stats
  • This quiz has been taken 301 times
    292 since last reset
  • The average score is 8 of 15
Answer Stats
Answer % Correct
備後落合
83%
津山
76%
東津山
62%
吉松
61%
塩町
58%
田川後藤寺
55%
網走
53%
東舞鶴
53%
美濃太田
52%
吉田
49%
高岡
46%
新旭川
45%
前谷地
43%
高田
38%
新飯塚
30%
No matching quizzes found
Score Distribution
Percent of People with Each Score
Percentile by Number Answered
Your Score History
You have not taken this quiz since the last reset